000 01045nam a22002777a 4500
005 20100607101826.0
008 100607t xxu||||| |||| 00| 0 eng d
010 _aENG-96312
020 _a9788132103158
_c395.00
035 _aEN-79845
037 _bDBAD/PUB
040 _aDPL
_bEng
082 _a658.8342
100 _aEast, Robert
_921689
245 _aConsumer behaviour :
_bapplications in marketing /
_cby Robert East, Malcolm, Wright and Marc Vanhuele
260 _aNew Delhi
_bSAGE Publications
_c2009
270 _aB1/1-1 Mohan Cooperative Industrial Area Mathura Road,
_bNew Delhi
_e110044
300 _aviii, 334p.
_c24 cm. (Pbk)
_bill.
500 _aincludes bibliographical references
650 _aConsumer behaviour
_921690
650 _aMotivation marketing
_921691
700 _aWright, Malcolm
_921692
700 _aVanhuele, Marc
_921693
942 _2ddc
_cEN
_mEAS
_h658.8342
999 _c36586
_d36586